Le Havre - Toutes les stations du tramway sur une carte - Statistiques

Statistiques générales
  • Ce quiz a été pris 89 fois
  • Le résultat moyen est 13 sur 22
Réponses sur la Carte
Les réponses sont colorées sur une échelle allant du rouge au vert en fonction du pourcentage des utilisateurs qui les ont devinées à leur premier essai. Vous pouvez retrouver ces pourcentages ci-dessous.
 
Statistiques - réponses
Ligne Arrêt % Correct
A,B La Plage
95%
A,B Hôtel de Ville
88%
A,B Rond-Point
80%
A,B Gares
77%
A,B Palais de Justice
77%
A,B Place Jenner
75%
A,B Saint-Roch
75%
A,B Université
75%
A Grand Hameau
72%
A Mare Rouge
72%
B Pré Fleuri
68%
A Mont-Gaillard
66%
A Mare au Clerc
57%
B Frileuse
48%
A Sacré-Cœur
45%
A Bigne à Fosse
42%
B Schuman
40%
B Atrium
34%
B Curie
31%
B Verlaine
29%
A Queneau
23%
B Saint-Pierre
23%
Aucun quiz correspondant
Distribution des résultats
% des personnes avec chaque résultat
Percentile par nombre de réponses
Votre historique - résultats
Vous n’avez pas pris ce quiz